Consolas de videojuegos más vendidas - Estadísticas

Estadísticas generales
  • Esta prueba ha sido intentada 2.719 veces
  • La puntuación promedio es 16 de 30
Estadísticas de respuestas
Año de
estreno
Ventas Consola % Correcto
1994 102 m PlayStation
99%
1983 62 m Nintendo
96%
2000 160 m PlayStation 2
93%
2006 87 m PlayStation 3
93%
2013 117 m PlayStation 4
93%
2020 84 m PlayStation 5
91%
2001 24 m Xbox
91%
2017 154 m Nintendo Switch
86%
2006 102 m Wii
81%
2004 154 m Nintendo DS
80%
1989 119 m Game Boy / Game Boy Color
74%
2005 84 m Xbox 360
67%
2011 76 m Nintendo 3DS
62%
2004 80 m PlayStation Portable
60%
2013 58 m Xbox One
60%
2012 14 m Wii U
56%
2025 10.4 m Nintendo Switch 2
52%
1996 33 m Nintendo 64
43%
2011 12.5 m PlayStation Vita
43%
2020 28 m Xbox Series X - S
43%
2001 22 m Game Cube
38%
2001 82 m Game Boy Advance
33%
1990 49 m Super Nintendo
32%
1988 31 m Sega Genesis
21%
1998 9.1 m Dreamcast
12%
1994 9.3 m Sega Saturn
11%
1977 30 m Atari 2600
9%
1983 10 m Sega Master System
6%
1990 10.7 m Game Gear
5%
1987 10 m TurboGrafx-16
3%
No se encontraron pruebas coincidentes
Distribución de puntuación
Porcentaje de gente con cada puntuación
Porcentaje por número respondido
Historial de tus puntuaciones
No has intentado esta prueba.